书目信息 |
| 题名: |
配位化学
|
|
| 作者: | 李晖 编著 | |
| 分册: | ||
| 出版信息: | 北京 化学工业出版社 2006 |
|
| 页数: | 269页 | |
| 开本: | 26cm | |
| 丛书名: | ||
| 单 册: | ||
| 中图分类: | O641.4 | |
| 科图分类: | ||
| 主题词: | 络合物化学--高等学校--教材 , 络合物化学 | |
| 电子资源: | ||
| ISBN: | 7-5025-7996-6 | |
| 000 | 00911nam0 2200277 450 | |
| 001 | 003093815 | |
| 005 | 20060419173927.0 | |
| 010 | @a7-5025-7996-6@dCNY29.80 | |
| 035 | @a003093815 | |
| 100 | @a20060210e20072006em y0chiy0110 ea | |
| 101 | 0 | @achi@aeng |
| 102 | @aCN@b110000 | |
| 105 | @aa z 000yy | |
| 106 | @ar | |
| 200 | 1 | @a配位化学@Apei wei hua xue@dCoordination chemistry@e双语版@Eshuang yu ban@f李晖编著@Fli hui bian zhu@zeng |
| 210 | @a北京@c化学工业出版社@d2006@h2007重印 | |
| 215 | @a269页@c图@d26cm | |
| 300 | @a高等学校教材 | |
| 330 | @a本书介绍配位化学的发展、基本概念和基本理论,配合物结构的谱学研究方法,配合物的物理化学性质和反应性。 | |
| 510 | 1 | @aCoordination chemistry@zeng |
| 606 | 0 | @a络合物化学@x高等学校@j教材 |
| 606 | 0 | @a络合物化学 |
| 690 | @aO641.4@v4 | |
| 701 | 0 | @a李晖@Ali hui@c(化学)@4编著 |
| 801 | 0 | @aCN@bNLC@c20060428 |
| 905 | @dO641.4@e65 @f5 | |
| 配位化学=Coordination chemistry:双语版/李晖编著.-北京:化学工业出版社,2006(2007重印) |
| 269页:图;26cm |
| 高等学校教材 |
| ISBN 7-5025-7996-6:CNY29.80 |
| 本书介绍配位化学的发展、基本概念和基本理论,配合物结构的谱学研究方法,配合物的物理化学性质和反应性。 |
| ● |
| 相关链接 |
|
|
|
|
正题名:配位化学
索取号:O641.4/65
 
预约/预借
| 序号 | 登录号 | 条形码 | 馆藏地/架位号 | 状态 | 备注 |
| 1 | 0578359 | 205783598 | 第二样本阅览室/ [索取号:O641.4/65] | 在馆 | |
| 2 | 0578360 | 205783605 | 第三借阅区/ [索取号:O641.4/65] | 在馆 | |
| 3 | 0578361 | 205783614 | 第三借阅区/ [索取号:O641.4/65] | 在馆 | |
| 4 | 0578362 | 205783623 | 第三借阅区/ [索取号:O641.4/65] | 在馆 | |
| 5 | 0578363 | 205783632 | 第三借阅区/ [索取号:O641.4/65] | 在馆 | |
| 6 | 0578364 | 205783641 | 第三借阅区/ [索取号:O641.4/65] | 在馆 | |
| 7 | 0578365 | 205783650 | 第三借阅区/ [索取号:O641.4/65] | 在馆 | |
| 8 | 0578366 | 205783669 | 第三借阅区/ [索取号:O641.4/65] | 在馆 | |
| 9 | 0850082 | 208500825 | 第三借阅区/ [索取号:O641.4/65] | 在馆 | |
| 10 | 0850083 | 208500834 | 第三借阅区/ [索取号:O641.4/65] | 在馆 | |
| 11 | 0850084 | 208500843 | 第三借阅区/ [索取号:O641.4/65] | 在馆 | |
| 12 | 0850085 | 208500852 | 第三借阅区/ [索取号:O641.4/65] | 在馆 | |
| 13 | 0850086 | 208500861 | 第三借阅区/ [索取号:O641.4/65] | 在馆 |